| 000 | 00867cam a22002178a 4500 | ||
|---|---|---|---|
| 999 |
_c1906 _d1906 |
||
| 003 | OSt | ||
| 005 | 20210702061236.0 | ||
| 008 | 210702b ||||| |||| 00| 0 eng d | ||
| 020 | _a0880481617 | ||
| 020 | _a0880482834 | ||
| 040 | _cALUPE UNIVERSITY | ||
| 050 | 0 |
_aRC45 _bC4 A4 1980 Suppl. 2 |
|
| 245 | 0 | 0 |
_aDSM-III-R casebook : _ba learning companion to the Diagnostic and statistical manual of mental disorders (third edition, revised) / _cRobert L. Spitzer ... [et al.]. |
| 260 |
_aWashington, DC : _bAmerican Psychiatric Press, _cc1989. |
||
| 300 | _axi, 515 p. | ||
| 500 | _aRev. ed. of: DSM-III case book. 1st ed. 1981. | ||
| 650 | 2 |
_aMental Disorders. _0https://id.nlm.nih.gov/mesh/D001523 |
|
| 655 | 2 |
_aCase Reports. _0https://id.nlm.nih.gov/mesh/D002363 |
|
| 700 | 1 |
_aSpitzer, Robert L. _0http://id.loc.gov/authorities/names/n81094045 |
|
| 942 |
_2lcc _cBK _nPW |
||